Loghi famosi #2 - Statistics

Statistiche generali
  • Questo quiz è stato fatto 761 volte
  • Il punteggio medio è 15 su 20
Statistiche sulle risposte
marchio % Corretto
Google
100%
Puma
99%
Lego
98%
Microsoft
98%
Twitter
98%
Spotify
95%
SnapChat
92%
X-Box
92%
Starbucks
90%
Burger King
88%
Firefox
86%
Playboy
79%
Skoda Auto
76%
The North Face
73%
Fanta
65%
Nestle
51%
Beats by Dre
41%
Victoria's Secret
36%
WalMart
26%
AT&T
7%
Nessun quiz corrispondente trovato
Distribuzione punteggi
Percentuale di utenti per punteggio
Percentile per numero di risposta
I tuoi punteggi nel tempo
Non hai fatto questo quiz